000 01028nam a22001937a 4500
005 20260127154129.0
008 230721b ||||| |||| 00| 0 eng d
040 _cSSBUL
_dSSBUL
082 _223
_a၉၂၇.၉၂၀၂၈ ညွန့် ၁၆၀၁၀ (S-SAT)
100 _aညွန့်ဆွေ၊
_cနန်း။
_928207
245 _aအလင်္ကာကျော်စွာဦးဟန်ပ /
_cနန်းညွန့်ဆွေ။
260 _aရန်ကုန်၊
_bစာပေဗိမာန်၊
_c၁၉၇၁။
300 _a၉၃ စာမျက်နှာ၊
_c၁၈ စင်တီ။
440 _aစာပေဗိမာန်ထုတ်ပြည်သူ့လက်စွဲစာစဉ်။
_927757
500 _aS-SAT: Dr. Prof Sai Aung Tun
650 _aအနုပညာရှင်များ
_vအတ္ထုပ္ပတ္တိ။
_927886
650 _aအနုပညာရှင်များ
_zမြန်မာနိုင်ငံ။
_927887
942 _2ddc
_cBK1
999 _c27376
_d27376